00983cam a2200253 a 450000100100000000500170001000800410002701000130006802000150008104000180009608200180011424501170013226000310024930000350028044000270031565000430034265000440038565000610042970000250049070000440051591000340055995201210059399900150071400000511320200929151601.0900419s1985 sp g 000 p spa  a90870903 a8420510378 aDO-SdBNPcDLC a861.08bA634p00aAntología de la poesía gallego-portuguesa /cselección, estudio y notas de Carlos Alvar y Vicente Beltran. aMadrid :bAlhambra,c1985. avii, 451 p. :bmusic ;c20 cm. 0aClásicos ;v2899850 4aPoesía españolaxColecciones93395 4aPoesía portuguesaxColecciones914657 4aPoesía gallego-portuguesaxHistoria y crítica9146581 aAlvar, Carlos9146591 aBeltrán Pepio, Vicente,d1948-914660 aCatalogación por copia / LC 001052708MOaGRbGRcCTd2009-07-29iLF1l0o861.08 A634pp5113-10r2020-06-25w2020-06-25y2ZPréstamo interno c4916d4916